000 00340nam a22001577a 4500
003 macl
005 20161025171547.0
008 macl
040 _cmacl
082 _a332
100 _aBSC
_966265
245 _aMoney Banking & Finance
260 _aDelhi
_bBSC Publishing co Pvt Ltd
_c2016
650 _aBank
_966268
942 _2ddc
_cBK
_k332
999 _c55591
_d55591